Angličtina do dlane pre ZŠ a nižšie ročníky osemročných gymnázií

Bibliographic Details
Main Authors: Branam, James, 1963- (Author), Dostálová, Iva, 1964- (Author)
Other Authors: Rohoňová, Ľubica (Translator)
Format: Book
Language:Slovak
English
PhysicalDescription:128 s. 10 cm
Published: Bratislava Art Area c2001
ISBN:8088879825
Edition:1. vyd.
Subjects:

MARC

LEADER 00000cam a2200000 a 4500
001 vtls008690747
003 SK-MaSNL
005 20260426002122.0
008 240315s2001 xo c f 000 0 slo
015 |a SNBA2017/10 
020 |a 8088879825  |q (brož.) 
035 |a urn:nbn:sk:snk-am00cuka 
035 |a urn:nbn:sk:snk-am3hp3k 
035 |a C3BE3FFE-8002-4F96-9E14-0909326B3598 
040 |a SNK  |b slo  |c SNK  |e AACR2 
041 1 |a slo  |h eng 
044 |a xo  |c SK 
072 7 |a 811.111  |x Angličtina  |2 konspekt 
080 |a 811.111  |2 2001 
080 |a 81`36  |2 2001 
080 |a 81`373  |2 2001 
080 |a (035)  |2 2001 
100 1 |a Branam, James,  |d 1963-  |4 aut  |9 330364 
245 1 0 |a Angličtina do dlane pre ZŠ a nižšie ročníky osemročných gymnázií  |c James Branam, Iva Dostálová ; [preložila Ľubica Rohoňová] 
250 |a 1. vyd. 
260 |a Bratislava  |b Art Area  |c c2001 
300 |a 128 s.  |c 10 cm 
500 |a Pravdepodobne prel. z angl. 
650 0 7 |a angličtina  |2 SNKPH  |9 1260 
650 0 7 |a gramatika  |2 SNKPH  |9 865 
650 0 7 |a slovná zásoba  |2 SNKPH  |9 66837 
655 7 |a príručky  |2 SNKPH  |9 74364 
700 1 |a Dostálová, Iva,  |d 1964-  |4 aut  |9 114072 
700 1 |a Rohoňová, Ľubica  |4 trl  |9 591655 
919 |a 80-88879-82-5 
958 |a OP 
999 |c 910253  |d 912183 
952 |a SNK  |b SNK  |y VYP  |7 0  |p 17A0505944  |o snkSE 11118 D1  |i snk2006/7707  |8 1  |0 0  |1 0  |4 0  |d 2006-04-13  |l 0  |r 2026-02-24 07:41:21  |w 2026-02-24 
952 |a SNK  |b SNK  |y PREZ  |7 0  |p 17A0505943  |o snkSE 11118  |i snk2006/7706  |8 1  |0 0  |1 0  |4 0  |d 2006-04-13  |f 1  |l 0  |r 2026-02-24 07:41:21  |w 2026-02-24